| 000 | 00355nam a22001457a 4500 | ||
|---|---|---|---|
| 008 | 230606b ||||| |||| 00| 0 eng d | ||
| 020 | _a9780890792631 | ||
| 041 | _aeng | ||
| 080 | _a159.9 | ||
| 082 | _a159.9NUS | ||
| 100 | _a25 | ||
| 101 | _aPSI | ||
| 245 |
_aIDENTIFICATION AND TREATMENT OF ATTENTION DEFICIT DISORDER _cNUSSBAUM N |
||
| 942 |
_2udc _cBK |
||
| 999 |
_c59924 _d59924 |
||